01547pam a2200277 a 45000010008000000030004000080050017000120080041000290100017000700200015000870200022001020400017001240500015001410820018001562450122001742600042002963000025003384400058003635040051004215050663004726500029011356500036011646500021012007000030012217000018012514397311OSt20230429114551.0921007s1993 nju b 001 0 eng  a 92038173  a1881303063 a1881303071 (pbk.) aDLCcLCdDLC00aP91.3.T74 00a302.2/08222000aTransforming visions: feminist critiques in communication studies. /cedited by Sheryl Perlmutter Bowen, Nancy Wyatt. aCresskill, NJ:bHampton Press,c1993. axi, 298 p. ;c24 cm. 0aHampton Press communication series.pFeminist studies aIncludes bibliographical references and index. aContents: Visions of synthesis, visions of critique -- Enlarging conceptual boundaries: a critique of research in interpersonal communication -- Organizing and relating: feminist critique of small group communication -- Performing differences: feminism and performance studies -- New voices in organizational communication: a feminist commentary and critique -- Aristotle and Arimneste ("Nicanor's Mother"): Theatre studies and feminism -- Opposites in an oppositional practice: rhetorical criticism and feminism -- Feminist critique of mass communication research -- Enlarging conceptual boundaries: a critique of research in intercultural communication --  0aCommunicationxResearch. 0aCommunicationxSex differences. 0aFeminist theory.1 aBowen, Sheryl Perlmutter.1 aWyatt, Nancy.